大阪環状線と交差する鉄道路線 - Statistics

General Stats
  • This quiz has been taken 79 times
  • The average score is 15 of 19
Answer Stats
Answer % Correct
中央線
94%
中央線
94%
御堂筋線
91%
御堂筋線
91%
長堀鶴見緑地線
90%
千日前線
87%
千日前線
87%
堺筋線
83%
谷町線
83%
京阪本線
80%
阪神なんば線
76%
阪神本線
74%
大阪線
73%
四つ橋線
73%
関西本線
71%
南海本線
70%
JR東西線
70%
南海高野線
61%
阪和線
53%
No matching quizzes found
Score Distribution
Percent of People with Each Score
Percentile by Number Answered
Your Score History
You have not taken this quiz